| 000 | 00560nam a22001937a 4500 | ||
|---|---|---|---|
| 003 | CEME | ||
| 005 | 20210628210153.0 | ||
| 008 | 210215b xxu||||| |||| 00| 0 eng d | ||
| 020 | _a0-87201-518-1 | ||
| 040 | _c. | ||
| 082 | _a620.106 ENC | ||
| 100 |
_aCheremisinoff, Nicholas. _978372 |
||
| 245 | _aEncyclopedia of fluid mechanics complex flow phenomena and modelling | ||
| 250 | _a VOL-6 | ||
| 260 |
_aLONDON _bGULF PUBLISHING _c1999 |
||
| 300 | _a1501P | ||
| 650 |
_aFLUID MECHANICS DICTIONARIES FLOW PHENOMENA AND MODELING _978373 |
||
| 942 |
_cBK _2ddc |
||
| 999 |
_c583503 _d583503 |
||